<?xml version="1.0" encoding="UTF-8"?><?xml-stylesheet type="text/xsl" href="static/style.xsl"?><OAI-PMH xmlns="http://www.openarchives.org/OAI/2.0/" xmlns:xsi="http://www.w3.org/2001/XMLSchema-instance" xsi:schemaLocation="http://www.openarchives.org/OAI/2.0/ http://www.openarchives.org/OAI/2.0/OAI-PMH.xsd"><responseDate>2026-06-02T15:23:14Z</responseDate><request verb="GetRecord" identifier="oai:riuma.uma.es:10630/28438" metadataPrefix="marc">https://riuma.uma.es/rest/oai/request</request><GetRecord><record><header><identifier>oai:riuma.uma.es:10630/28438</identifier><datestamp>2026-02-03T12:17:15Z</datestamp><setSpec>com_10630_2254</setSpec><setSpec>col_10630_37959</setSpec></header><metadata><record xmlns="http://www.loc.gov/MARC21/slim" xmlns:dcterms="http://purl.org/dc/terms/" xmlns:doc="http://www.lyncode.com/xoai" xmlns:xsi="http://www.w3.org/2001/XMLSchema-instance" xsi:schemaLocation="http://www.loc.gov/MARC21/slim http://www.loc.gov/standards/marcxml/schema/MARC21slim.xsd">
   <leader>00925njm 22002777a 4500</leader>
   <datafield ind2=" " ind1=" " tag="042">
      <subfield code="a">dc</subfield>
   </datafield>
   <datafield ind2=" " ind1=" " tag="720">
      <subfield code="a">Pascual-Lacal, María del Rocío</subfield>
      <subfield code="e">author</subfield>
   </datafield>
   <datafield ind2=" " ind1=" " tag="720">
      <subfield code="a">Madrid-Vivar, Dolores</subfield>
      <subfield code="e">author</subfield>
   </datafield>
   <datafield ind2=" " ind1=" " tag="260">
      <subfield code="c">2023</subfield>
   </datafield>
   <datafield ind2=" " ind1=" " tag="520">
      <subfield code="a">El Aprendizaje-Servicio combina procesos de aprendizaje con el servicio a la comunidad. Estudiantes del Grado en Educación Infantil de la Universidad de Málaga, en coordinación con profesores y centros escolares, confeccionaron actuaciones para atender sus demandas&#xd;
En esta comunicación, nos enfocamos en la asignatura de "Organización Escolar en la Educación Infantil" de primer curso. Durante el desarrollo de esta asignatura, trabajamos en la propuesta "La escuela infantil que queremos" para centros públicos.&#xd;
El objetivo fue mejorar los espacios educativos en dichos centros, creando ambientes estimulantes y versátiles para promover el desarrollo integral del alumnado. Los resultados se muestran en un Google Site donde se diseñaron espacios de aprendizaje reflexionando sobre el concepto de infancia y el contexto del centro.&#xd;
La utilización de materiales creativos y reciclados ha fomentado la sostenibilidad y el cuidado del medio ambiente, al tiempo que ha promovido la imaginación y el juego libre en los discentes.&#xd;
Esta ha sido una valiosa oportunidad para los estudiantes universitarios de aplicar sus conocimientos en un contexto real, mejorando la calidad educativa. Los resultados obtenidos en el Google Site reflejan el éxito y el impacto positivo de esta metodología activa y colaborativa.</subfield>
   </datafield>
   <datafield ind1="8" ind2=" " tag="024">
      <subfield code="a">https://hdl.handle.net/10630/28438</subfield>
   </datafield>
   <datafield tag="653" ind2=" " ind1=" ">
      <subfield code="a">Enseñanza - Congresos</subfield>
   </datafield>
   <datafield ind2="0" ind1="0" tag="245">
      <subfield code="a">La escuela infantil que queremos: una experiencia de Aprendizaje-Servicio de vinculación universitaria.</subfield>
   </datafield>
</record>
</metadata></record></GetRecord></OAI-PMH>